[Event "C-Klasse 2011 (C68)"]
[Site "Berlin-Weißensee"]
[Date "2011.06.01"]
[Round "1.1"]
[White "Scheck, Gero"]
[Black "Donath, Johann"]
[Result "0-1"]
[WhiteElo "1644"]
[BlackElo "1587"]
[PlyCount "48"]
[EventDate "2011.??.??"]

1. Nc3 d5 2. e3 c5 3. d4 Nc6 4. Bb5 Nf6 5. Nf3 Bg4 6. Bd2 e6 7. Qe2 Be7 8. h3
Bh5 9. O-O-O O-O 10. g4 Bg6 11. g5 Ne4 12. h4 Bh5 13. Bxc6 bxc6 14. Rdg1 Rb8
15. Rh3 c4 16. Qf1 Bxf3 17. Rxf3 Nxd2 18. Kxd2 Rxb2 19. Rfg3 Qa5 20. f4 Bb4 21.
e4 Qxa2 22. Qc1 Rb8 23. h5 Bxc3+ 24. Kxc3 Qa5# 0-1

[Event "C-Klasse 2011 (C68)"]
[Site "Berlin-Weißensee"]
[Date "2011.06.01"]
[Round "1.2"]
[White "Koch, Elisabeth"]
[Black "Ziem, Eric"]
[Result "1-0"]
[WhiteElo "1538"]
[BlackElo "1260"]
[PlyCount "87"]
[EventDate "2011.??.??"]

1. e4 c5 2. Nc3 d6 3. f4 Nc6 4. Bb5 Nf6 5. Bxc6+ bxc6 6. Nf3 Ba6 7. d3 Qb6 8.
b3 e6 9. O-O Be7 10. Ba3 d5 11. Na4 Qa5 12. Re1 Bb5 13. e5 Nd7 14. Bb2 Bxa4 15.
bxa4 Rb8 16. Bc1 Qxa4 17. f5 exf5 18. e6 fxe6 19. Rxe6 Kf7 20. Qe2 Rhe8 21. Bf4
Qxf4 22. Rf1 Qc7 23. Re1 Qd8 24. Ng5+ Bxg5 25. Qh5+ Kf8 26. Rxe8+ Qxe8 27.
Rxe8+ Rxe8 28. Qxg5 g6 29. Kf2 Kg7 30. Qf4 Ne5 31. h3 Re7 32. Qg5 Rb7 33. Ke2
Nf7 {(=)} 34. Qd2 Re7+ 35. Kf2 c4 36. dxc4 Nd6 37. Qd4+ Kf7 38. cxd5 c5 39. Qf4
Ne4+ 40. Kf3 Kf6 41. h4 g5 42. hxg5+ Nxg5+ 43. Kf2 Ne4+ 44. Kf1 1-0

[Event "C-Klasse 2011 (C68)"]
[Site "Berlin-Weißensee"]
[Date "2011.06.01"]
[Round "1.3"]
[White "Reichert, Lutz"]
[Black "Stegmann, Jens"]
[Result "1/2-1/2"]
[WhiteElo "1751"]
[BlackElo "1838"]
[PlyCount "34"]
[EventDate "2011.??.??"]

1. c4 Nf6 2. g3 g6 3. Bg2 Bg7 4. Nc3 O-O 5. Nf3 c5 6. d3 Nc6 7. O-O d6 8. Rb1
Rb8 9. a3 Bd7 10. b4 b6 11. Bg5 h6 12. Bxf6 Bxf6 13. Nd5 Bg7 14. Qd2 e6 15. Ne3
Kh7 16. Nc2 Qc7 17. Rfd1 Rfd8 1/2-1/2

[Event "C-Klasse 2011 (C68)"]
[Site "Berlin-Weißensee"]
[Date "2011.06.01"]
[Round "1.4"]
[White "Wierzbicki, Jirawat"]
[Black "Westphal, Julian"]
[Result "0-1"]
[WhiteElo "1405"]
[BlackElo "1683"]
[PlyCount "84"]
[EventDate "2011.??.??"]

1. e4 e6 2. d4 d5 3. exd5 exd5 4. Bf4 Bd6 5. Bxd6 Qxd6 6. c3 Bf5 7. Bd3 Ne7 8.
Bxf5 Nxf5 9. Nf3 Nd7 10. O-O O-O-O 11. Qd3 Ne7 12. Nbd2 h5 13. Rfc1 Rdg8 14. c4
g5 15. cxd5 Nxd5 16. Ne4 Qg6 17. Ne5 Nxe5 18. dxe5 Rd8 19. Qc4 Kb8 20. Nf6 c6
21. Qe4 Nxf6 22. Qxg6 fxg6 23. exf6 Rhf8 24. Rc5 g4 25. g3 Rxf6 26. Rc2 Rfd6
27. Kg2 Rd2 28. Rac1 Kc7 29. Kf1 R8d5 30. Ke1 Rxc2 31. Rxc2 Kd6 32. Re2 Re5 33.
Kd1 Rxe2 34. Kxe2 Ke5 35. Ke3 c5 36. Kd3 b5 37. b3 Kd5 38. Kd2 c4 39. bxc4+
Kxc4 40. Kc2 a5 41. Kd2 b4 42. Kc2 a4 0-1

[Event "C-Klasse 2011 (C68)"]
[Site "Berlin-Weißensee"]
[Date "2011.06.02"]
[Round "2.1"]
[White "Donath, Johann"]
[Black "Ziem, Eric"]
[Result "1-0"]
[WhiteElo "1587"]
[BlackElo "1260"]
[PlyCount "89"]
[EventDate "2011.??.??"]

1. e4 c5 2. Nc3 Nc6 3. g3 e6 4. Bg2 Nf6 5. f4 d5 6. d3 Be7 7. Nf3 O-O 8. O-O
Qc7 9. e5 Nd7 10. Bd2 f6 11. Bh3 f5 12. Qe1 Nb6 13. Bg2 Bd7 14. h3 a6 15. Ne2
Rad8 16. c3 Be8 {(=)} 17. d4 Nc4 18. Bc1 b5 19. g4 Bg6 20. b3 Nb6 21. Be3 c4
22. b4 Rde8 {(=)} 23. Ng3 Bd8 24. gxf5 Bxf5 25. Nxf5 Rxf5 26. h4 Qf7 27. Bh3
Qg6+ 28. Kh2 Rf7 29. Rg1 Qc2+ 30. Rg2 Qe4 31. Ng5 Bxg5 32. Rxg5 Qc2+ 33. Qd2
Qxd2+ 34. Bxd2 h6 35. Rg6 Nd8 36. f5 Rfe7 37. f6 Rf7 38. Rag1 Kh7 39. Rxg7+
Rxg7 40. Rxg7+ Kh8 41. Bxh6 Rg8 42. Re7 Nc8 43. Rxe6 Nxe6 44. Bxe6 Rg6 45. f7
1-0

[Event "C-Klasse 2011 (C68)"]
[Site "Berlin-Weißensee"]
[Date "2011.06.02"]
[Round "2.2"]
[White "Scheck, Gero"]
[Black "Reichert, Lutz"]
[Result "1/2-1/2"]
[WhiteElo "1644"]
[BlackElo "1751"]
[PlyCount "73"]
[EventDate "2011.??.??"]

1. Nc3 d6 {29 min spaeter} 2. d4 Nf6 3. e4 e5 4. dxe5 dxe5 5. Qxd8+ Kxd8 6. Bg5
Be6 7. Nf3 Nbd7 8. O-O-O Bd6 9. Nb5 Ke7 10. Be2 h6 11. Bxf6+ gxf6 12. Nxd6 cxd6
13. Nd2 Rac8 14. b3 Nb6 15. c4 d5 16. exd5 Nxd5 17. Kb2 Nf4 18. Bf1 Rhd8 19. f3
Bf5 20. g3 Nd3+ 21. Bxd3 Rxd3 22. g4 Rcd8 23. gxf5 Rxd2+ 24. Kc1 Rxa2 25. Rxd8
Ra1+ 26. Kb2 Rxh1 27. Rb8 Rxh2+ 28. Kc3 Rh3 29. Rxb7+ Kd6 30. Kb4 Rxf3 31. c5+
Kd5 32. Rd7+ Kc6 33. Rd6+ Kc7 34. Rxf6 e4 35. Rxf7+ Kd8 36. f6 e3 37. Re7
1/2-1/2

[Event "C-Klasse 2011 (C68)"]
[Site "Berlin-Weißensee"]
[Date "2011.06.02"]
[Round "2.3"]
[White "Westphal, Julian"]
[Black "Koch, Elisabeth"]
[Result "0-1"]
[WhiteElo "1683"]
[BlackElo "1538"]
[PlyCount "62"]
[EventDate "2011.??.??"]

1. d4 Nf6 2. c4 g6 3. Nc3 d5 4. cxd5 Nxd5 5. e4 Nxc3 6. bxc3 c5 7. Bc4 Bg7 8.
Ne2 Nc6 9. Be3 O-O 10. O-O Bg4 11. f3 cxd4 12. cxd4 Na5 13. Bd3 (13. Bxf7+ Rxf7
14. fxg4 Rxf1+ 15. Kxf1 e5 16. d5 Nc4 17. Bf2 Qf6 18. Kg1 Rf8) 13... Be6 14.
Qa4 Nc6 (14... a6 15. d5 b5 16. Qb4 Bxa1 17. Rxa1 Bd7 18. Qd4 f6) 15. Rac1 a6
16. d5 Ne5 17. Bb1 (17. dxe6 Qxd3 18. Kf2 (18. exf7+ Rxf7 19. Kf2 Ng4+) 18...
b5) 17... Bd7 18. Qb4 Bb5 19. Rfe1 Rc8 20. Nd4 (20. Rxc8 Qxc8 21. Qxe7) 20...
Rxc1 (20... Nc4 21. Nxb5 Nxe3 22. Rxc8 Qxc8 23. Rxe3 axb5) 21. Rxc1 Bd3 22. Qd2
(22. Qxb7) 22... Bxb1 23. Rxb1 Nc4 24. Qd3 Nxe3 25. Qxe3 e6 (25... Qa5 26. Rxb7
Bxd4 27. Qxd4 Qe1#) 26. Ne2 (26. Rxb7) 26... exd5 27. Rxb7 dxe4 28. Qxe4 Qa5 (
28... Re8 29. Qc2 (29. Qc4 Qd1+ 30. Kf2 Rxe2+ 31. Qxe2 Bd4+) 29... Qh4 30. g3
Qf6) 29. Rb4 {(=)} (29. Qb1) 29... Qxa2 30. Ra4 Qd2 31. Nd4 (31. Kf2 Qd6 (31...
a5 32. Rc4 (32. Qc6 Bh6 (32... Rb8) 33. Re4 (33. Qc5 Re8))) 32. Qf4) 31... Qd1+
0-1

[Event "C-Klasse 2011 (C68)"]
[Site "Berlin-Weißensee"]
[Date "2011.06.02"]
[Round "2.4"]
[White "Stegmann, Jens"]
[Black "Wierzbicki, Jirawat"]
[Result "1-0"]
[WhiteElo "1838"]
[BlackElo "1405"]
[PlyCount "83"]
[EventDate "2011.??.??"]

1. d4 d5 2. Nf3 Nf6 3. Bf4 e6 4. e3 Be7 5. Bd3 Nbd7 6. Nbd2 b6 7. Ne5 Bb7 8.
Bb5 O-O 9. Nc6 Bxc6 10. Bxc6 Rc8 11. c3 Rb8 12. g4 b5 13. a4 b4 14. c4 Rb6 15.
cxd5 Nxd5 16. Bxd5 exd5 17. Rc1 Bd6 18. Bxd6 Rxd6 19. Qf3 c6 20. Ke2 Rf6 21.
Qg3 Re8 22. g5 Rg6 23. h4 h6 24. Rcg1 Nb6 25. Nf3 hxg5 26. hxg5 Nd7 27. Rg2 Qb8
28. Rgh2 Kf8 29. Qxb8 Rxb8 30. Ne5 Nxe5 31. Rh8+ Ke7 32. Rxb8 Nc4 33. Rxb4 Ke6
34. f4 Nd6 35. Rf1 Kd7 36. Rh1 Kc7 37. Kf3 Re6 38. Rb3 Nf5 39. a5 Nd6 40. Rh7
g6 41. Rh8 Ne4 42. Rbb8 1-0

[Event "C-Klasse 2011 (C68)"]
[Site "Berlin-Weißensee"]
[Date "2011.06.02"]
[Round "3.1"]
[White "Reichert, Lutz"]
[Black "Donath, Johann"]
[Result "1-0"]
[WhiteElo "1751"]
[BlackElo "1587"]
[PlyCount "63"]
[EventDate "2011.??.??"]

1. g3 g6 2. Bg2 Bg7 3. d3 d6 4. c4 c6 5. Nc3 e5 6. Nf3 f5 7. e4 Nf6 8. Bg5 h6
9. Bxf6 Qxf6 10. O-O f4 11. d4 g5 12. dxe5 dxe5 13. b4 g4 14. Nh4 f3 15. Bh1
O-O 16. Qb3 Be6 17. Rfd1 b5 18. Rd6 Qf7 19. Rad1 Bxc4 20. Qc2 Be6 (20... a5 21.
bxa5 (21. Ng6 axb4 (21... Re8) 22. Nxf8 Bxf8 23. Rd8 Kg7 (23... bxc3 24. Qxc3))
21... Be6) 21. Qd2 Kh7 (21... a5) 22. Rd8 Bf6 (22... a5) 23. Rxf8 Qxf8 24. Nf5
Bxf5 (24... a5) 25. exf5 Na6 (25... a5) 26. Qd7+ Kg8 (26... Kh8 27. Ne4 Rd8)
27. Ne4 Kh8 (27... Nxb4 28. Qe6+ Kh8 29. Nxf6 Nd5) 28. Nxf6 Qxf6 29. Rd6 Qg7
30. Qxc6 Qc7 31. Rxh6+ Kg8 32. Qxa8+ 1-0

[Event "C-Klasse 2011 (C68)"]
[Site "Berlin-Weißensee"]
[Date "2011.06.02"]
[Round "3.2"]
[White "Ziem, Eric"]
[Black "Westphal, Julian"]
[Result "1/2-1/2"]
[WhiteElo "1260"]
[BlackElo "1683"]
[PlyCount "33"]
[EventDate "2011.??.??"]

1. Nf3 e6 2. e4 d5 3. exd5 exd5 4. d4 Bd6 5. c4 dxc4 6. Bxc4 Nf6 7. Qe2+ Qe7 8.
Qxe7+ Bxe7 9. O-O O-O 10. Re1 Bb4 11. Bd2 Nc6 12. d5 Bxd2 13. Nbxd2 Na5 14. b3
Bf5 15. Re7 Rac8 16. Nd4 {(=)} Bg6 17. Nb5 1/2-1/2

[Event "C-Klasse 2011 (C68)"]
[Site "Berlin-Weißensee"]
[Date "2011.06.02"]
[Round "3.3"]
[White "Wierzbicki, Jirawat"]
[Black "Scheck, Gero"]
[Result "1/2-1/2"]
[WhiteElo "1405"]
[BlackElo "1644"]
[PlyCount "40"]
[EventDate "2011.??.??"]

1. e4 e5 2. Nf3 Nf6 3. Nc3 Nc6 4. d4 Bb4 5. Bg5 exd4 6. Nxd4 Bxc3+ 7. bxc3 O-O
8. Nxc6 bxc6 9. Qd4 Re8 10. Bd3 h6 11. Bxf6 Qxf6 12. Qxf6 gxf6 13. O-O d5 14.
Rfe1 Re6 15. Re3 a5 16. Rae1 Rb8 17. exd5 cxd5 18. Rg3+ Kf8 19. Kf1 Rb2 20. Ra1
Ba6 1/2-1/2

[Event "C-Klasse 2011 (C68)"]
[Site "Berlin-Weißensee"]
[Date "2011.06.02"]
[Round "3.4"]
[White "Koch, Elisabeth"]
[Black "Stegmann, Jens"]
[Result "1/2-1/2"]
[WhiteElo "1538"]
[BlackElo "1838"]
[PlyCount "121"]
[EventDate "2011.??.??"]

1. e4 c5 2. Nc3 d6 3. f4 Nc6 4. Bb5 Bd7 5. Nf3 Nf6 6. Bxc6 Bxc6 7. d3 g6 8. O-O
Bg7 9. Qe1 Nd7 10. Bd2 e6 11. f5 e5 12. Ng5 Bf6 13. Ne6 fxe6 14. fxe6 O-O 15.
exd7 Qxd7 16. Be3 Qe7 17. Qd2 Bg7 18. Bg5 Qe6 19. Be3 Rxf1+ 20. Rxf1 Rf8 21.
Rxf8+ Bxf8 22. Qf2 Qf7 23. Qxf7+ Kxf7 24. Kf2 b5 25. a3 a5 26. Kf3 Ke6 27. Ne2
Be7 28. Bh6 b4 29. Nc1 d5 30. exd5+ Bxd5+ 31. Kf2 bxa3 32. bxa3 c4 33. dxc4
Bxc4 34. a4 Bc5+ 35. Ke1 Bd5 36. Nd3 Bg1 37. h4 {(=)} Bxg2 38. Bd2 Bb6 39. Bc3
Bc7 40. Nc5+ Kf5 41. Nb3 Bc6 42. Bxa5 Bd6 43. Bd8 Bxa4 44. Bg5 Bf8 45. Ke2 h6
46. Be3 g5 47. hxg5 hxg5 48. Kf3 g4+ 49. Kg3 Be7 50. Kg2 Bh4 51. Bd2 Bc6+ 52.
Kf1 g3 53. Nc5 Be7 54. Nd3 Bd8 55. Be1 g2+ 56. Kg1 Bf3 57. Bf2 {(=)} e4 58. Ne1
Kf4 59. Nxg2+ Bxg2 60. Kxg2 e3 61. Bxe3+ 1/2-1/2

[Event "C-Klasse 2011 (C68)"]
[Site "Berlin-Weißensee"]
[Date "2011.06.03"]
[Round "4.1"]
[White "Donath, Johann"]
[Black "Westphal, Julian"]
[Result "1-0"]
[WhiteElo "1587"]
[BlackElo "1683"]
[PlyCount "49"]
[EventDate "2011.??.??"]

1. e4 e6 2. d4 d5 3. Nd2 dxe4 4. Nxe4 Nd7 5. Bf4 Ngf6 6. Bd3 b6 7. Ne2 Bb7 8.
N2g3 Be7 9. O-O O-O 10. c3 Nxe4 11. Nxe4 Nf6 12. f3 c5 13. Be3 cxd4 14. Bxd4
Nxe4 15. fxe4 Qc8 16. Qh5 Ba6 17. Rad1 Bxd3 18. Rxd3 Bc5 19. Rh3 h6 20. Rg3
Bxd4+ 21. cxd4 Kh7 22. Qg4 g6 23. Rxf7+ Rxf7 24. Qxg6+ Kh8 25. Qxh6+ 1-0

[Event "C-Klasse 2011 (C68)"]
[Site "Berlin-Weißensee"]
[Date "2011.06.03"]
[Round "4.2"]
[White "Reichert, Lutz"]
[Black "Wierzbicki, Jirawat"]
[Result "1-0"]
[WhiteElo "1751"]
[BlackElo "1405"]
[PlyCount "153"]
[EventDate "2011.??.??"]

1. Nf3 d5 2. b3 Nf6 3. Bb2 e6 4. g3 Be7 5. Bg2 Nbd7 6. d3 O-O 7. Nbd2 b6 8. a3
Bb7 9. O-O c5 10. c3 Rc8 11. b4 Re8 12. Re1 Bd6 13. bxc5 Nxc5 14. c4 Qe7 15.
Be5 Bc6 16. a4 Bc7 17. Bxc7 Qxc7 18. Nd4 Qd8 19. Nxc6 Rxc6 20. Nb3 Nxb3 21.
Qxb3 dxc4 22. dxc4 Rc5 23. Red1 Qc7 24. Rac1 h6 25. h3 Rc8 26. Rc3 Rxc4 27.
Rxc4 Qxc4 28. Rd8+ Kh7 29. Qb1+ Qc2 30. Qxc2+ Rxc2 31. Ra8 a5 32. Ra6 Ra2 33.
Bc6 Rxe2 34. Rxb6 Re5 35. Ra6 Re1+ 36. Kg2 Nd5 37. Rxa5 Nb4 38. Bb5 Ra1 39. Ra8
Kg6 40. a5 Ra2 41. a6 e5 42. Ra7 f6 43. Rb7 Nxa6 44. Ra7 Nb4 45. Be8+ Kh7 46.
Rxa2 {(=)} Nxa2 47. Bc6 Nb4 48. Be4+ Kg8 49. Bg6 Kf8 50. f4 exf4 51. gxf4 Nd5
52. Kf3 Ke7 53. Be4 Ke6 54. h4 Ne7 55. h5 f5 56. Bb7 Kf6 57. Ke3 g5 58. hxg6
Nxg6 59. Kf3 Ne7 60. Kg3 Ng6 61. Bf3 Kg7 62. Be2 Kf7 63. Bh5 Kf6 64. Bxg6 Kxg6
65. Kh4 Kf6 66. Kh5 Ke6 67. Kg6 h5 68. Kxh5 Kd5 69. Kg6 Ke4 (69... Ke6 70. Kg5
Ke7 71. Kxf5 Kf7) 70. Kg5 Kd5 71. Kxf5 Kd6 72. Kf6 Kd7 73. Kf7 Kd8 74. f5 Kd7
75. f6 Kd8 76. Kf8 Kd7 77. f7 1-0

[Event "C-Klasse 2011 (C68)"]
[Site "Berlin-Weißensee"]
[Date "2011.06.03"]
[Round "4.3"]
[White "Stegmann, Jens"]
[Black "Ziem, Eric"]
[Result "1-0"]
[WhiteElo "1838"]
[BlackElo "1260"]
[PlyCount "43"]
[EventDate "2011.??.??"]

1. d4 Nf6 2. Nf3 e6 3. Bf4 c5 4. c3 d5 5. e3 Nc6 6. Nbd2 Nh5 7. Bg5 Be7 8. Bxe7
Qxe7 9. Bd3 Nf6 10. Qe2 O-O 11. Ne5 Nxe5 12. dxe5 Nd7 13. f4 f6 14. Nf3 fxe5
15. fxe5 b6 16. O-O-O a5 17. h4 c4 18. Bb1 b5 19. Ng5 h6 20. Qc2 hxg5 21. Qh7+
Kf7 22. Bg6# 1-0

[Event "C-Klasse 2011 (C68)"]
[Site "Berlin-Weißensee"]
[Date "2011.06.03"]
[Round "4.4"]
[White "Scheck, Gero"]
[Black "Koch, Elisabeth"]
[Result "1-0"]
[WhiteElo "1644"]
[BlackElo "1538"]
[PlyCount "55"]
[EventDate "2011.??.??"]

1. Nc3 Nf6 2. e4 e5 3. Bc4 Nc6 4. Nf3 Nxe4 5. Nxe4 d5 6. Bxd5 Qxd5 7. Nc3 Qa5
8. O-O Bg4 9. h3 Bh5 10. Re1 Be7 11. d3 O-O 12. Bd2 Nd4 13. g4 Nxf3+ 14. Qxf3
Bg6 15. Rad1 f5 16. Nd5 Qc5 17. Bb4 Qxc2 18. Nxe7+ Kh8 19. Nxg6+ hxg6 20. Bxf8
Rxf8 21. Qe2 Qa4 22. Qxe5 fxg4 23. Qe4 Qxa2 24. Qxg4 Qxb2 25. Re2 Qb3 26. Rde1
Qf7 27. Qh4+ Kg8 28. Qc4 1-0

[Event "C-Klasse 2011 (C68)"]
[Site "Berlin-Weißensee"]
[Date "2011.06.04"]
[Round "5.1"]
[White "Wierzbicki, Jirawat"]
[Black "Donath, Johann"]
[Result "0-1"]
[WhiteElo "1405"]
[BlackElo "1587"]
[PlyCount "102"]
[EventDate "2011.??.??"]

1. e4 Nf6 2. Nc3 e5 3. Nf3 Nc6 4. d4 exd4 5. Nxd4 Bb4 6. Nxc6 bxc6 7. Bd3 O-O
8. O-O Re8 9. Qf3 h6 10. a3 Bxc3 11. bxc3 d5 12. exd5 cxd5 13. h3 Be6 14. Re1
Rb8 15. Bf4 Rb2 16. Reb1 Qb8 17. Qd1 Qb7 18. Qc1 Rxb1 19. Qxb1 Rb8 20. Qxb7
Rxb7 21. Be3 Nd7 22. Ba6 Rb2 23. Bxa7 Rxc2 24. Rd1 Rxc3 25. a4 Ra3 26. Bb5 Nb6
27. Bxb6 cxb6 28. Rd4 Kf8 29. Kf1 Ra2 30. Ke1 Ke7 31. Rb4 Kd6 32. Bd3 Bd7 33.
Bb5 Bxb5 34. Rxb5 Kc6 35. Rb4 g5 36. Kd1 Kc5 37. Rb5+ Kc6 38. Rb4 Rxf2 39. Rg4
f5 40. Rg3 f4 41. Rc3+ Kb7 42. Rc2 Rxc2 43. Kxc2 Kc6 44. Kd3 Kc5 45. Kc3 d4+
46. Kd3 Kd5 47. Kd2 Kc4 48. Kc2 d3+ 49. Kd2 Kd4 50. Kd1 Kc3 51. Kc1 h5 (51...
d2+ 52. Kd1 Kd3 53. a5 bxa5 54. h4 gxh4 55. g3 h3 56. g4 h2 57. g5 h1=R#) 0-1

[Event "C-Klasse 2011 (C68)"]
[Site "Berlin-Weißensee"]
[Date "2011.06.04"]
[Round "5.2"]
[White "Westphal, Julian"]
[Black "Stegmann, Jens"]
[Result "1-0"]
[WhiteElo "1683"]
[BlackElo "1838"]
[PlyCount "65"]
[EventDate "2011.??.??"]

1. d4 Nf6 2. c4 g6 3. Nc3 Bg7 4. e4 d6 5. Nf3 O-O 6. Be2 Nbd7 7. O-O e5 8. d5
a5 9. Bg5 h6 10. Be3 b6 11. Qc1 Kh7 12. Ne1 Nc5 13. Bd3 Ba6 14. b3 Bc8 15. f3 {
(=)} Nh5 16. g4 Nf4 17. Qd2 Bd7 18. Rc1 h5 19. Bxf4 exf4 20. gxh5 Qg5+ 21. Kh1
Qxh5 22. Bb1 Be5 23. Rg1 Rh8 24. Nb5 Bxb5 25. cxb5 g5 26. Rg4 f6 27. Nd3 Kg6
28. Nxc5 bxc5 29. a4 Bd4 30. Re1 Qh3 (30... Bc3 31. e5+ Kf7 32. Bg6+ Kxg6 33.
Qd3+ Kf7 34. e6+ Ke7 35. Re2) 31. Qg2 Rh7 32. e5+ f5 33. Rxg5+ 1-0

[Event "C-Klasse 2011 (C68)"]
[Site "Berlin-Weißensee"]
[Date "2011.06.04"]
[Round "5.3"]
[White "Koch, Elisabeth"]
[Black "Reichert, Lutz"]
[Result "1-0"]
[WhiteElo "1538"]
[BlackElo "1751"]
[PlyCount "99"]
[EventDate "2011.??.??"]

1. e4 d6 2. d4 Nf6 3. Nc3 e5 4. dxe5 dxe5 5. Qxd8+ Kxd8 6. Bc4 Be6 7. Bxe6 fxe6
8. Nf3 Bd6 9. Be3 Nc6 10. O-O-O Ke7 11. Nd2 a6 12. f3 b5 13. h4 Nd4 14. Rhe1 c5
15. Nb3 Nxb3+ 16. axb3 h6 17. Rd2 Rhd8 18. Red1 Rac8 19. g3 Nh5 20. Bf2 c4 21.
bxc4 Rxc4 22. Rd3 Bc7 23. Rxd8 Bxd8 24. Na2 Ra4 25. Kb1 Rc4 26. b3 Rc6 27. Nb4
Rc8 28. Nxa6 Ba5 29. b4 Ra8 30. g4 Rxa6 31. bxa5 Nf4 32. Bc5+ Kf6 33. Bb6 Ne2
34. Rd7 Nd4 35. Ra7 (35. Bd8+ Kg6 36. h5+ Kh7 37. Bf6) 35... Rxa7 36. Bxa7 Nc6
37. Bb6 Nb8 38. Kb2 Na6 39. Kb3 Ke7 40. c4 bxc4+ 41. Kxc4 Kd6 42. Kb5 Nc7+ 43.
Bxc7+ Kxc7 44. Kc5 g6 45. a6 g5 46. h5 Kb8 47. Kd6 Ka7 48. Kxe6 Kxa6 49. Kxe5
Kb5 50. Kd5 1-0

[Event "C-Klasse 2011 (C68)"]
[Site "Berlin-Weißensee"]
[Date "2011.06.04"]
[Round "5.4"]
[White "Ziem, Eric"]
[Black "Scheck, Gero"]
[Result "1/2-1/2"]
[WhiteElo "1260"]
[BlackElo "1644"]
[PlyCount "27"]
[EventDate "2011.??.??"]

1. e4 c6 2. Nc3 d5 3. Nf3 Bg4 4. h3 Bxf3 5. Qxf3 Nf6 6. exd5 Nxd5 7. Nxd5 Qxd5
8. Qxd5 cxd5 9. d4 Nc6 10. Bb5 g6 11. Bf4 Bg7 12. c3 O-O 13. Bxc6 bxc6 14. O-O
1/2-1/2

[Event "C-Klasse 2011 (C68)"]
[Site "Berlin-Weißensee"]
[Date "2011.06.04"]
[Round "6.2"]
[White "Wierzbicki, Jirawat"]
[Black "Koch, Elisabeth"]
[Result "1/2-1/2"]
[WhiteElo "1405"]
[BlackElo "1538"]
[PlyCount "150"]
[EventDate "2011.??.??"]

1. e4 e5 2. Nf3 Nc6 3. Nc3 Nf6 4. d4 exd4 5. Nxd4 Bb4 6. Nxc6 bxc6 7. Bd3 d5 8.
exd5 cxd5 9. O-O O-O 10. Bg5 c6 11. Qf3 Be7 12. h3 Nd7 13. Bxe7 Qxe7 14. Rfe1
Qg5 15. Qf5 Qh6 16. Qf3 Nc5 17. Bf5 Qf6 18. Bg4 Qxf3 19. Bxf3 Bf5 20. Re2 Rab8
21. b3 Ne6 22. Rd2 Rfe8 23. Rad1 Rb7 24. Rc1 Rbe7 25. h4 Nf4 26. Kf1 Ng6 27. g3
Ne5 28. Bg2 Bg4 29. f4 Nf3 30. Bxf3 Bxf3 31. Kf2 Bg4 32. Na4 Re2+ 33. Rxe2
Rxe2+ 34. Kf1 Rd2 35. a3 Bh3+ 36. Ke1 Rg2 37. c4 Rxg3 38. cxd5 Rg1+ 39. Kd2
Rxc1 40. Kxc1 cxd5 41. Kd2 Kf8 42. Kd3 Ke7 43. Kd4 Kd6 44. Nc3 Be6 45. Nb5+ Kc6
46. Nc3 f6 47. a4 a5 48. Na2 Bg4 49. Kc3 Kc5 50. b4+ axb4+ 51. Nxb4 d4+ 52. Kb3
Bd1+ 53. Ka3 h5 (53... Kc4) 54. Nd3+ Kb6 (54... Kd5) 55. Kb4 Bc2 56. Nb2 g5 57.
Nc4+ Ka6 58. fxg5 fxg5 59. hxg5 h4 60. Ne5 h3 61. Nf3 Bd1 (61... Be4 62. Nh2 d3
63. Kc3 Ka5 64. Kd2 Kxa4 65. Kc3 Bh7 66. Nf3) 62. Nh2 Bc2 63. Kc4 d3 64. Kc3
Bb1 65. Kd2 Ka5 66. Kc1 Ba2 67. Kd2 Bc4 68. g6 Kxa4 69. Kc3 Kb5 70. Nf3 Kc5 71.
g7 Bf7 72. Kxd3 Kd6 73. Ke3 Ke7 74. Kf2 Kf6 75. Kg3 Kxg7 1/2-1/2

[Event "C-Klasse 2011 (C68)"]
[Site "Berlin-Weißensee"]
[Date "2011.06.04"]
[Round "6.3"]
[White "Scheck, Gero"]
[Black "Westphal, Julian"]
[Result "0-1"]
[WhiteElo "1644"]
[BlackElo "1683"]
[PlyCount "68"]
[EventDate "2011.??.??"]

1. Nc3 d5 2. d4 Nf6 3. Bg5 e6 4. e4 h6 5. Bxf6 Qxf6 6. exd5 Bb4 7. Qd3 exd5 8.
Nf3 O-O 9. O-O-O c6 10. a3 Bf5 11. Qe3 Ba5 12. b4 Bc7 13. Bd3 {(=)} Nd7 14.
Rhe1 Bxd3 15. Qxd3 Rfe8 16. Re2 Rxe2 17. Qxe2 Nb6 18. Re1 Kf8 19. Ne5 Bxe5 20.
dxe5 Qg5+ 21. Qe3 Qxe3+ 22. fxe3 Re8 23. Kd1 Rxe5 24. e4 Ke7 25. a4 dxe4 26. a5
Nd5 27. Nxd5+ cxd5 28. Kd2 d4 29. Rd1 Kd6 30. Ke2 Kd5 31. Kd2 Kc4 32. Rb1 e3+
33. Ke2 Rf5 34. b5 Rf2+ 0-1

[Event "C-Klasse 2011 (C68)"]
[Site "Berlin-Weißensee"]
[Date "2011.06.04"]
[Round "6.4"]
[White "Reichert, Lutz"]
[Black "Ziem, Eric"]
[Result "0-1"]
[WhiteElo "1751"]
[BlackElo "1260"]
[PlyCount "90"]
[EventDate "2011.??.??"]

1. g3 e5 2. c4 Nf6 3. Bg2 Bc5 4. e3 Nc6 5. Nc3 O-O 6. Nge2 d6 7. O-O Bf5 8. d3
Qd7 9. d4 exd4 10. exd4 Bb6 11. Na4 Bh3 12. Nxb6 axb6 13. Bxh3 Qxh3 14. Nf4 Qf5
15. Be3 Rfe8 16. Qd3 Qxd3 17. Nxd3 Ng4 18. Rfe1 Re7 19. Bg5 Rxe1+ 20. Rxe1 Nxd4
21. Re4 Nf3+ 22. Kg2 Nxg5 23. Rxg4 Ne6 24. a3 Ra5 25. Re4 Kf8 26. f4 b5 27.
cxb5 Rxb5 28. b4 Rd5 29. Nf2 Rd2 30. f5 Nd4 31. g4 g5 32. Re3 c5 33. Rd3 Ra2
34. bxc5 dxc5 35. Rc3 b6 36. f6 Ke8 37. Re3+ Ne6 38. Rb3 c4 39. Rxb6 c3 40. Rc6
Rxa3 41. Nd1 Nf4+ 42. Kf1 Ra1 43. Ke1 Nd5 44. Ke2 Kd7 45. Rc4 Rxd1 0-1

[Event "C-Klasse 2011 (C68)"]
[Site "Berlin-Weißensee"]
[Date "2011.06.05"]
[Round "7.1"]
[White "Koch, Elisabeth"]
[Black "Donath, Johann"]
[Result "0-1"]
[WhiteElo "1538"]
[BlackElo "1587"]
[PlyCount "78"]
[EventDate "2011.??.??"]

1. e4 Nf6 2. Nc3 e5 3. Nf3 Nc6 4. Bb5 a6 5. Ba4 Be7 6. O-O b5 7. Bb3 d6 8. d3
O-O 9. Nd5 Nxd5 10. Bxd5 Bb7 11. Be3 Na5 12. Bxb7 Nxb7 13. Qd2 c6 14. a4 Qc7
15. axb5 axb5 16. Ng5 Bxg5 17. Bxg5 f6 18. Be3 c5 19. f3 Na5 20. b4 Nb7 21.
bxc5 dxc5 22. Qc3 Kh8 23. Rxa8 Rxa8 24. Ra1 Rxa1+ 25. Qxa1 h6 26. Qa6 Nd6 27.
Qa8+ Kh7 28. f4 Qb7 29. Qf8 Qc7 30. f5 c4 31. Kf1 cxd3 {(=)} 32. cxd3 b4 33.
Qa8 Qc2 34. Qa1 {(=)} b3 35. Qc1 Qxd3+ 36. Kf2 Nc4 37. h3 Qxe3+ 38. Qxe3 Nxe3
39. Kxe3 b2 0-1

[Event "C-Klasse 2011 (C68)"]
[Site "Berlin-Weißensee"]
[Date "2011.06.05"]
[Round "7.2"]
[White "Stegmann, Jens"]
[Black "Scheck, Gero"]
[Result "1-0"]
[WhiteElo "1838"]
[BlackElo "1644"]
[PlyCount "41"]
[EventDate "2011.??.??"]

1. d4 Nf6 2. Nf3 e6 3. Bf4 d5 4. e3 c5 5. c3 Nc6 6. Bd3 c4 7. Bc2 Bd6 8. Bg3
Bxg3 9. hxg3 Qb6 10. b3 Qa6 11. bxc4 dxc4 12. e4 b5 13. e5 Nd5 14. Ng5 f5 15.
exf6 Nxf6 16. Nxh7 Ke7 17. Rh4 e5 18. Nxf6 Rxh4 19. Nd5+ Kd6 20. dxe5+ Kxe5 21.
gxh4 1-0

[Event "C-Klasse 2011 (C68)"]
[Site "Berlin-Weißensee"]
[Date "2011.06.05"]
[Round "7.3"]
[White "Ziem, Eric"]
[Black "Wierzbicki, Jirawat"]
[Result "1-0"]
[WhiteElo "1260"]
[BlackElo "1405"]
[PlyCount "59"]
[EventDate "2011.??.??"]

1. e4 e5 2. Nf3 Nc6 3. Bc4 Nf6 4. Ng5 d5 5. exd5 Na5 6. Bb5+ c6 7. dxc6 bxc6 8.
Ba4 Bc5 9. c3 Qd7 10. b4 Qd5 11. O-O Ba6 12. Re1 e4 13. d4 Bxb4 14. cxb4 Nb7
15. Bb3 Bc4 16. Nc3 Bxb3 17. Qxb3 Qd7 18. Ncxe4 O-O 19. Nxf6+ gxf6 20. Ne4 Qd8
21. Qg3+ Kh8 22. Bh6 Rg8 23. Qf4 Rg6 24. Qe3 Qg8 25. Ng3 Nd6 26. Rac1 Re8 27.
Qd2 Rc8 28. Bf4 Nb5 29. f3 a6 30. Nf5 1-0

[Event "C-Klasse 2011 (C68)"]
[Site "Berlin-Weißensee"]
[Date "2011.06.05"]
[Round "7.4"]
[White "Westphal, Julian"]
[Black "Reichert, Lutz"]
[Result "0-1"]
[WhiteElo "1683"]
[BlackElo "1751"]
[PlyCount "82"]
[EventDate "2011.??.??"]

1. d4 d6 2. e4 Nf6 3. Nc3 e5 4. dxe5 dxe5 5. Qxd8+ Kxd8 6. Bc4 Be6 7. Bxe6 fxe6
8. Be3 Bd6 9. f3 Nbd7 10. Nh3 a6 11. a4 Ke7 12. Ke2 Bc5 13. Bxc5+ Nxc5 14. b4
Ncd7 15. Nf2 c6 16. a5 b5 17. axb6 Nxb6 18. Na4 Nxa4 19. Rxa4 Nd7 20. Rha1 Rab8
21. Nd3 Rhc8 22. Rxa6 Kf6 23. Nc5 Nxc5 24. bxc5 Rb4 25. Rb6 Rc4 26. Kd3 Rxc5
27. Raa6 Rd8+ 28. Ke3 Rc3+ 29. Ke2 Rxc2+ 30. Ke3 Rdd2 31. Rxc6 Rxc6 32. Rxc6
Rxg2 33. Rc1 Rxh2 34. Rg1 g5 35. Rf1 h5 36. Rf2 Rxf2 37. Kxf2 Ke7 38. Ke3 Kd6
39. Kd3 Kc5 40. Ke3 Kc4 41. Ke2 Kd4 0-1